01555nam a2200325 a 450000100060000000300080000600500170001400800410003103500190007204000340009104100080012508200300013311100880016324501510025126000940040230000230049635000120051950001750053150400320070665000510073870000410078970000380083070000330086871000340090171000550093571000740099094200120106499900170107695201360109341858BD-RjUL20211209053448.0160607s1972 ii bs 101 0 eng  a(BD-RjUL)41976 aDLCcDLCdDLCd(BD-RjUL)beng aeng00a354.54082223 bUNI 1972 2 aNational Convention on Union-State Relations,cIndian Law Institute,d1970.912857904aThe Union and the states :b[papers and proceedings] / cEditors: S.N. Jain, Subhash C. Kashyap [and] N. Srinivasan; assistant editor: M. C. Shah. aDelhi :bNational [Pub. House;aoveaseas distributors: Books from India :aLondon :c1972 axv, 522 p.c25 cm. aRs70.00 a"Published under the auspices of the Indian Law Institute, the Indian Institute of Public Administration [and] the Institute of Constitutional and Parliamentary Studies." aBibliography: p. [481]-508. 0aFederal governmentzIndiaxCongresses.91285801 aJain, Srimandir Nath,d1928-91285811 aKashyap, Subhash C.,eed.91285821 aSrinivasan, N.,eed.91285832 aIndian Law Institute.91285842 aIndian Institute of Public Administration.91285852 aInstitute of Constitutional and Parliamentary studies, Delhi.9128586 2ddccBK c41858d41858 00102ddc40708NFICaRUCLbRUCLcStackd1994-06-22eIndia govt. l0o354.54082 UNI 1972r2016-06-07 00:00:00tC-2w2016-06-07yBK